| 000 | 00644nam a2200205 a 4500 | ||
|---|---|---|---|
| 020 | _a0727725254 (T. Telford) | ||
| 020 | _a0784401942 (ASCE Press) | ||
| 082 | 0 | 0 |
_a624.151 _bJON _cL-39, P-192 |
| 100 | 1 |
_aJones, Colin J. F. P. _942786 |
|
| 245 | 1 | 0 |
_aEarth reinforcement and soil structures / _cColin J.F.P. Jones. |
| 250 | _aNew ed. | ||
| 260 |
_aLondon : _bT. Telford ; _aNew York : _bASCE Press, _cc1996. |
||
| 300 |
_a379 p. : _bill. ; _c26 cm. |
||
| 526 |
_a0 _b0 _c0 _d624_151000000000000_JON |
||
| 650 | 0 | _aEmbankments. | |
| 650 | 0 |
_aFoundations. _9892 |
|
| 650 | 0 |
_aMCE _9379 |
|
| 650 | 0 |
_aSoil stabilization. _913080 |
|
| 942 |
_2ddc _cBK |
||
| 999 |
_c550614 _d550614 |
||